000 00656nam a2200217Ia 4500
003 GCL
008 140319s9999 xx 000 0 ara d
040 _aGCL /
_cGCL
082 0 4 _a813.01
_bب ر
100 1 _aبهاء السيد
245 1 0 _aرحلة الجانب الاحمر /
_cبهاء السيد
260 _a[S.N] :
_bالهيئة المصرية العامة للكتاب ،
_c1994
300 _a110 ص
490 _aسلسلة ادب الحرب
_v0
650 0 4 _aالادب العربى
650 0 4 _aالقصص القصيرة
650 0 4 _aقصص الحرب
650 0 4 _aالقصص
650 0 4 _aالمجموعات
942 _2ddc
_cBK
999 _c33378
_d33378